LIBRARY & INFORMATION CENTRE, KCAET, TAVANUR

ONLINE PUBLIC ACCESS CATALOGUE (OPAC)

The book of Botany, Part 1 / (Record no. 11308)

MARC details
000 -LEADER
fixed length control field 00621cam a2200217ua 4500
041 ## - LANGUAGE CODE
Language code of text/sound track or separate title eng
082 ## - DEWEY DECIMAL CLASSIFICATION NUMBER
Classification number 580
Item number BOT
100 ## - MAIN ENTRY--AUTHOR NAME
Personal name Unknown, .
245 ## - TITLE STATEMENT
Title The book of Botany, Part 1 /
260 ## - PUBLICATION, DISTRIBUTION, ETC. (IMPRINT)
Place of publication :
Name of publisher Unknown ,
Year of publication 1966.
300 ## - PHYSICAL DESCRIPTION
Number of Pages 519 ; .
650 ## - SUBJECT ADDED ENTRY--TOPICAL TERM
Topical Term Angiospermic Plant, Natural orders
650 ## - SUBJECT ADDED ENTRY--TOPICAL TERM
Topical Term Botany, Endosperm, Embryo and seed
650 ## - SUBJECT ADDED ENTRY--TOPICAL TERM
Topical Term Ecology
650 ## - SUBJECT ADDED ENTRY--TOPICAL TERM
Topical Term Non Flowering plants and some greate biologists
650 ## - SUBJECT ADDED ENTRY--TOPICAL TERM
Topical Term Physiology of stem, Physiology of Growth
650 ## - SUBJECT ADDED ENTRY--TOPICAL TERM
Topical Term Vegetative Reproduction
942 ## - ADDED ENTRY ELEMENTS (KOHA)
Koha item type Books
Holdings
Withdrawn status Lost status Damaged status Home library Current library Date acquired Full call number Accession Number Koha item type
      KAUAET KAUAET 07/04/2012 580 BOT 9899 Books
free website counter